| 000 | 00422 a2200109 4500 | ||
|---|---|---|---|
| 001 | ART_51256 | ||
| 005 | 20260410161945.0 | ||
| 008 | 260409a | ||
| 245 | 1 | 0 | _aLa validez de la extinción del contrato de trabajo por mutuo acuerdo mediante escritura pública sin homologación judicial o administrativa |
| 100 | 1 | _aRomero, Luis E. | |
| 773 | 0 |
_tTemas de derecho laboral _g- N° 10 (oct. 2020) _wREV27619 |
|
| 999 |
_c29900 _d29900 |
||